[Event "WC-2016-P-00002"]
[Site "LSS email"]
[Date "2016.01.22"]
[Round "?"]
[White "Binas, Jindrich"]
[Black "Costanzo, Flavio"]
[Result "1-0"]
[WhiteElo "2280"]
[BlackElo "2115"]
[PlyCount "97"]
[EventDate "2016.01.28"]
[EventType "tourn (corr)"]
[EventRounds "12"]
[EventCountry "GER"]
[SourceTitle "Corr 2022"]
[Source "ChessBase"]
[SourceDate "2021.10.24"]
[SourceVersion "1"]
[SourceVersionDate "2021.10.24"]
[SourceQuality "1"]

1. d4 Nf6 2. Bf4 c5 3. d5 d6 4. Nc3 e5 5. Bg5 Be7 6. Nf3 0-0 7. e4 a6 8. Bxf6 Bxf6 9. a4 Qb6 10. Ra3 Qc7 11. a5 Be7 12. Nd2 Nd7 13. Bd3 Rb8 14. 0-0 Bg5 15. Qe2 Bxd2 16. Qxd2 Nf6 17. Nd1 Bd7 18. f3 Nh5 19. g3 g6 20. Ne3 f5 21. exf5 gxf5 22. f4 exf4 23. gxf4 Rbe8 24. Kh1 Rf6 25. Be2 Ng7 26. Ng2 Qd8 27. Rb1 Rg6 28. b4 Qc7 29. Bf3 cxb4 30. Rxb4 Re7 31. Rb1 Ne8 32. Qc3 Bc8 33. Qxc7 Nxc7 34. Rc3 Rgg7 35. Rb4 Kf8 36. Bh5 Re4 37. Rbc4 Rxc4 38. Rxc4 Re7 39. Ne3 Kg7 40. Kg2 Nb5 41. Kf2 Bd7 42. Be2 Kf6 43. Bd3 Re8 44. Rb4 Rb8 45. Rb3 h6 46. c3 h5 47. h4 Nc7 48. Rb6 Ke7 49. Kf3 1-0

[Event "WC-2016-P-00002"]
[Site "LSS email"]
[Date "2016.01.22"]
[Round "?"]
[White "Costanzo, Flavio"]
[Black "Salzmann, Stefan"]
[Result "1/2-1/2"]
[WhiteElo "2115"]
[BlackElo "2361"]
[PlyCount "95"]
[EventDate "2016.01.28"]
[EventType "tourn (corr)"]
[EventRounds "12"]
[EventCountry "GER"]
[SourceTitle "Corr 2022"]
[Source "ChessBase"]
[SourceDate "2021.10.24"]
[SourceVersion "1"]
[SourceVersionDate "2021.10.24"]
[SourceQuality "1"]

1. e4 c5 2. Nf3 d6 3. d4 cxd4 4. Nxd4 Nf6 5. Nc3 a6 6. Be3 e5 7. Nb3 Be6 8. f3 Be7 9. Qd2 0-0 10. 0-0-0 Nbd7 11. g4 b5 12. g5 b4 13. Ne2 Ne8 14. f4 a5 15. f5 a4 16. Nbd4 exd4 17. Nxd4 b3 18. Kb1 bxc2+ 19. Nxc2 Bb3 20. axb3 axb3 21. Na3 Ne5 22. h4 Ra4 23. Bd4 Qa8 24. Qe3 Kh8 25. Rh3 Nc7 26. Rc1 Ng4 27. Bxg7+ Kxg7 28. Qg3 Kg8 29. f6 Rxa3 30. bxa3 Qxa3 31. Qxb3 Qa7 32. Qa2 Rb8+ 33. Rb3 Rxb3+ 34. Qxb3 Bf8 35. Bh3 Ne5 36. Bf5 Na6 37. Rc8 Nc5 38. Qb5 Ncd3 39. h5 Qg1+ 40. Ka2 Qf2+ 41. Ka1 Qf1+ 42. Qb1 Qxb1+ 43. Kxb1 Nc5 44. Kc2 Nf3 45. Re8 Nxg5 46. Kd2 Nf3+ 47. Ke3 Ne5 48. Kf4 1/2-1/2

[Event "WC-2016-P-00002"]
[Site "LSS email"]
[Date "2016.01.22"]
[Round "?"]
[White "Cvak, Rudolf"]
[Black "Costanzo, Flavio"]
[Result "1/2-1/2"]
[WhiteElo "2015"]
[BlackElo "2115"]
[PlyCount "55"]
[EventDate "2016.01.28"]
[EventType "tourn (corr)"]
[EventRounds "12"]
[EventCountry "GER"]
[SourceTitle "Corr 2022"]
[Source "ChessBase"]
[SourceDate "2021.10.24"]
[SourceVersion "1"]
[SourceVersionDate "2021.10.24"]
[SourceQuality "1"]

1. e4 c5 2. Nf3 d6 3. d4 cxd4 4. Nxd4 Nf6 5. Nc3 a6 6. h3 e5 7. Nde2 h5 8. Bg5 Be6 9. Bxf6 Qxf6 10. Nd5 Qd8 11. Nec3 g6 12. Bc4 Bh6 13. 0-0 0-0 14. Qd3 Nc6 15. Rad1 Rc8 16. Bb3 Nd4 17. f4 Nxb3 18. axb3 Bxd5 19. Nxd5 Bxf4 20. Nxf4 Qb6+ 21. Kh2 exf4 22. Rxf4 Qc7 23. c3 d5 24. Qg3 dxe4 25. Rxe4 Qxg3+ 26. Kxg3 Rfd8 27. Red4 Rxd4 28. Rxd4 1/2-1/2

[Event "WC-2016-P-00002"]
[Site "LSS email"]
[Date "2016.01.22"]
[Round "?"]
[White "Salazar Moran, Alejandro Fortunato"]
[Black "Costanzo, Flavio"]
[Result "0-1"]
[WhiteElo "1545"]
[BlackElo "2115"]
[PlyCount "50"]
[EventDate "2016.01.28"]
[EventType "tourn (corr)"]
[EventRounds "12"]
[EventCountry "GER"]
[SourceTitle "Corr 2022"]
[Source "ChessBase"]
[SourceDate "2021.10.24"]
[SourceVersion "1"]
[SourceVersionDate "2021.10.24"]
[SourceQuality "1"]

1. d4 Nf6 2. c4 g6 3. Nc3 Bg7 4. e4 d6 5. Nf3 0-0 6. Be2 e5 7. dxe5 dxe5 8. Qxd8 Rxd8 9. Bg5 Re8 10. Bxf6 Bxf6 11. Nd5 Bd8 12. 0-0 c6 13. Ne3 Na6 14. Nd2 Be7 15. a3 Rd8 16. Rad1 Nc5 17. Rfe1 Be6 18. h3 a5 19. Bf1 f6 20. f3 Na4 21. Re2 Bc5 22. Kf2 Nxb2 23. Rb1 Nd3+ 24. Kg3 Nf4 25. Ree1 Rxd2 0-1

[Event "WC-2016-P-00002"]
[Site "LSS email"]
[Date "2016.01.22"]
[Round "?"]
[White "Seiler, Peter"]
[Black "Costanzo, Flavio"]
[Result "1/2-1/2"]
[WhiteElo "2032"]
[BlackElo "2115"]
[PlyCount "45"]
[EventDate "2016.01.28"]
[EventType "tourn (corr)"]
[EventRounds "12"]
[EventCountry "GER"]
[SourceTitle "Corr 2022"]
[Source "ChessBase"]
[SourceDate "2021.10.24"]
[SourceVersion "1"]
[SourceVersionDate "2021.10.24"]
[SourceQuality "1"]

1. d4 Nf6 2. c4 e6 3. Nf3 b6 4. g3 Ba6 5. Qc2 Bb7 6. Bg2 Bb4+ 7. Bd2 Bxd2+ 8. Qxd2 0-0 9. Nc3 d6 10. 0-0 Ne4 11. Nxe4 Bxe4 12. Qf4 Bb7 13. e4 Nd7 14. Rfe1 Qe7 15. e5 dxe5 16. Nxe5 Bxg2 17. Kxg2 Nxe5 18. Rxe5 Rad8 19. Rd1 Rd6 20. Qf3 h6 21. d5 c6 22. Rde1 cxd5 23. cxd5 1/2-1/2

[Event "SB-2014-0-00386"]
[Site "LSS email"]
[Date "2014.09.24"]
[Round "?"]
[White "Ethier, Valori"]
[Black "Costanzo, Flavio"]
[Result "1/2-1/2"]
[WhiteElo "1876"]
[BlackElo "2054"]
[PlyCount "62"]
[EventDate "2014.09.08"]
[EventType "tourn (corr)"]
[EventRounds "6"]
[EventCountry "GER"]
[SourceTitle "Corr 2022"]
[Source "ChessBase"]
[SourceDate "2021.10.24"]
[SourceVersion "1"]
[SourceVersionDate "2021.10.24"]
[SourceQuality "1"]

1. e4 c5 2. Nf3 d6 3. d4 cxd4 4. Nxd4 Nf6 5. Nc3 g6 6. Be2 Bg7 7. 0-0 0-0 8. Be3 Nc6 9. a3 d5 10. Nxc6 bxc6 11. e5 Ne8 12. f4 f6 13. exf6 Bxf6 14. Qd2 Bf5 15. Rad1 Nd6 16. g4 Bd7 17. Na4 Ne4 18. Qd3 Qa5 19. b3 e5 20. c4 exf4 21. Bxf4 Be6 22. Bh6 Rf7 23. Bf3 Bg5 24. cxd5 cxd5 25. Bxg5 Nxg5 26. Bg2 Rxf1+ 27. Rxf1 Rf8 28. Rxf8+ Kxf8 29. Kf2 Ne4+ 30. Bxe4 dxe4 31. Qc3 Qxc3 1/2-1/2

[Event "SB-2014-0-00386"]
[Site "LSS email"]
[Date "2014.09.23"]
[Round "?"]
[White "Costanzo, Flavio"]
[Black "De Waele, Willy"]
[Result "0-1"]
[WhiteElo "2054"]
[BlackElo "2100"]
[PlyCount "90"]
[EventDate "2014.09.08"]
[EventType "tourn (corr)"]
[EventRounds "6"]
[EventCountry "GER"]
[SourceTitle "Corr 2022"]
[Source "ChessBase"]
[SourceDate "2021.10.24"]
[SourceVersion "1"]
[SourceVersionDate "2021.10.24"]
[SourceQuality "1"]

1. e4 c5 2. Nf3 d6 3. d4 cxd4 4. Nxd4 Nf6 5. Nc3 a6 6. Be3 e5 7. Nb3 Be6 8. f3 h5 9. Qd2 Nbd7 10. Nd5 Bxd5 11. exd5 g6 12. Be2 Bg7 13. 0-0 b6 14. a4 0-0 15. c4 Nc5 16. Nxc5 bxc5 17. Rab1 e4 18. b4 cxb4 19. Qxb4 Rb8 20. Qa3 Rxb1 21. Rxb1 Qd7 22. f4 Ng4 23. Bxg4 Qxg4 24. Qxd6 Qe2 25. Qc5 Qd3 26. Re1 Bc3 27. Rf1 Rb8 28. h4 Rb3 29. f5 Be5 30. Qc8+ Kg7 31. Bc5 Rb8 32. f6+ Kh7 33. Qd7 Kg8 34. Ba7 Ra8 35. Qc6 Rf8 36. Qb6 Qg3 37. Qe3 Qh2+ 38. Kf2 Qxh4+ 39. Ke2 Qg4+ 40. Kd2 Qxg2+ 41. Rf2 Qg1 42. Qxe4 Qa1 43. Ke2 Bg3 44. Rg2 h4 45. Bf2 Qb2+ 0-1

[Event "SB-2014-0-00385"]
[Site "LSS email"]
[Date "2014.09.20"]
[Round "?"]
[White "Introini, Luis Fredy"]
[Black "Costanzo, Flavio"]
[Result "0-1"]
[WhiteElo "1895"]
[BlackElo "2054"]
[PlyCount "36"]
[EventDate "2014.09.02"]
[EventType "tourn (corr)"]
[EventRounds "6"]
[EventCountry "GER"]
[SourceTitle "Corr 2022"]
[Source "ChessBase"]
[SourceDate "2021.10.24"]
[SourceVersion "1"]
[SourceVersionDate "2021.10.24"]
[SourceQuality "1"]

1. e4 c5 2. Nf3 d6 3. Bb5+ Nd7 4. 0-0 a6 5. Be2 Ngf6 6. Nc3 b5 7. d4 cxd4 8. Nxd4 Bb7 9. f3 e6 10. a3 Be7 11. Be3 0-0 12. Qe1 d5 13. exd5 Nxd5 14. Nxd5 Bxd5 15. Qd2 Qc7 16. a4 b4 17. c4 bxc3 18. Qxc3 Qxc3 0-1

[Event "LSS WC-2014-P-00017"]
[Site "LSS email"]
[Date "2010.02.18"]
[Round "?"]
[White "Costanzo, Flavio"]
[Black "Hicdoenmez, Hakan"]
[Result "1-0"]
[WhiteElo "1806"]
[BlackElo "2128"]
[PlyCount "39"]
[EventDate "2010.02.24"]
[EventType "tourn (corr)"]
[EventRounds "6"]
[EventCountry "GER"]
[SourceTitle "Corr 2013"]
[Source "ChessBase"]
[SourceDate "2012.11.12"]
[SourceVersion "1"]
[SourceVersionDate "2012.11.12"]
[SourceQuality "1"]
[WhiteTeam "US of America"]
[BlackTeam "US of America"]
[WhiteTeamCountry "USA"]
[BlackTeamCountry "USA"]

1. e4 c5 2. Nf3 e6 3. d4 cxd4 4. Nxd4 Qc7 5. Nc3 a6 6. Bd3 Nf6 7. 0-0 Nc6 8. Nxc6 bxc6 9. Qe2 d5 10. Bg5 Be7 11. e5 h6 12. Bh4 Nd7 13. Bxe7 Kxe7 14. Rae1 Re8 15. b3 Kf8 16. f4 Bb7 17. Na4 c5 18. Qf2 c4 19. bxc4 dxc4 20. Be4 1-0

[Event "IECG WC.2010.S.00002 email"]
[Site "IECG email"]
[Date "2007.12.15"]
[Round "?"]
[White "Gus'Kov, Viktor V"]
[Black "Costanzo, Flavio"]
[Result "1/2-1/2"]
[WhiteElo "2293"]
[BlackElo "1730"]
[PlyCount "83"]
[EventDate "2007.12.15"]
[EventType "tourn (corr)"]
[EventRounds "6"]
[SourceTitle "Corr 2024"]
[Source "ChessBase"]
[SourceDate "2023.10.19"]
[SourceVersion "1"]
[SourceVersionDate "2023.10.19"]
[SourceQuality "1"]

1. e4 c5 2. Nf3 d6 3. Bb5+ Bd7 4. Bxd7+ Qxd7 5. 0-0 Nc6 6. c3 Nf6 7. Qe2 e6 8. d4 cxd4 9. cxd4 d5 10. e5 Ne4 11. Be3 Be7 12. Ne1 f6 13. f3 Ng5 14. Nd3 0-0 15. Bf2 fxe5 16. dxe5 Qe8 17. Nc3 Qg6 18. Kh1 d4 19. Nb1 Rad8 20. a3 Nf7 21. Nd2 h5 22. Rac1 h4 23. b4 a6 24. h3 Nh6 25. Ne4 Nf5 26. Rfd1 Qf7 27. Kg1 Rd5 28. Nec5 Bxc5 29. Rxc5 Rfd8 30. Rdc1 Rxc5 31. Nxc5 Ng3 32. Qe1 d3 33. Rd1 Qf5 34. Bxg3 hxg3 35. Qxg3 b6 36. Ne4 Nxe5 37. Qh4 Rd5 38. Kf2 Ng6 39. Qg4 Ne5 40. Qh4 Ng6 41. Qg4 Ne5 42. Qh4 1/2-1/2

[Event "IECG WC.2004.F.00005"]
[Site "IECG email"]
[Date "2005.05.16"]
[Round "?"]
[White "Costanzo, Flavio"]
[Black "Schalkwijk, Peter H"]
[Result "1-0"]
[WhiteElo "1628"]
[BlackElo "1561"]
[PlyCount "39"]
[EventDate "2005.05.16"]
[EventType "tourn (corr)"]
[EventRounds "6"]
[SourceTitle "Corr 2008"]
[Source "ChessBase"]
[SourceDate "2008.06.24"]
[SourceVersion "1"]
[SourceVersionDate "2008.06.24"]
[SourceQuality "1"]

1. e4 c5 2. Nf3 Nf6 3. Nc3 Nc6 4. Bb5 e6 5. e5 Nd5 6. 0-0 Be7 7. Nxd5 exd5 8. d4 cxd4 9. Nxd4 Qb6 10. Be3 Nxd4 11. a4 Bc5 12. b4 Bxb4 13. Rb1 Qe6 14. Bxd4 Be7 15. f4 g6 16. f5 gxf5 17. Bd3 h6 18. Bxf5 Qc6 19. e6 dxe6 20. Bd3 1-0

[Event "IECG WC.2004.F.00005"]
[Site "IECG email"]
[Date "2005.05.16"]
[Round "?"]
[White "Costanzo, Flavio"]
[Black "Wisham, Clyde"]
[Result "0-1"]
[WhiteElo "1628"]
[BlackElo "1665"]
[PlyCount "108"]
[EventDate "2005.05.16"]
[EventType "tourn (corr)"]
[EventRounds "6"]
[SourceTitle "Corr 2008"]
[Source "ChessBase"]
[SourceDate "2008.06.24"]
[SourceVersion "1"]
[SourceVersionDate "2008.06.24"]
[SourceQuality "1"]

1. e4 Nc6 2. Nf3 d5 3. exd5 Qxd5 4. Nc3 Qa5 5. Bb5 Bd7 6. 0-0 a6 7. Ba4 Nf6 8. d4 e6 9. Bxc6 Bxc6 10. Ne5 Qb6 11. d5 Bxd5 12. Nxd5 Nxd5 13. Qh5 g6 14. Qf3 f6 15. c4 fxe5 16. cxd5 Bc5 17. Bg5 Rf8 18. Qg3 Rf5 19. dxe6 Qxe6 20. Rac1 Bd6 21. Qh4 Qxa2 22. f4 Qf7 23. Rcd1 e4 24. Rfe1 Bc5+ 25. Kh1 e3 26. b4 Bb6 27. Rd3 h5 28. Red1 c6 29. Rd6 Bc7 30. R6d3 e2 31. Qe1 Kf8 32. Qxe2 Re8 33. Qb2 Kg8 34. g3 Qe6 35. Rd7 Rf7 36. Rxf7 Qxf7 37. Bf6 Qe6 38. Bc3 Qe4+ 39. Qg2 Qxg2+ 40. Kxg2 Rd8 41. Rxd8+ Bxd8 42. h3 b6 43. Kf3 a5 44. bxa5 bxa5 45. f5 gxf5 46. Kf4 a4 47. Kxf5 Kf7 48. g4 hxg4 49. hxg4 a3 50. g5 Kg8 51. g6 Bb6 52. Ke4 Bg1 53. Kd3 c5 54. Kc4 Bd4 0-1

[Event "IECG WC.2004.F.00005"]
[Site "IECG email"]
[Date "2005.05.16"]
[Round "?"]
[White "Findlay, Michael A"]
[Black "Costanzo, Flavio"]
[Result "0-1"]
[WhiteElo "1833"]
[BlackElo "1628"]
[PlyCount "74"]
[EventDate "2005.05.16"]
[EventType "tourn (corr)"]
[EventRounds "6"]
[SourceTitle "Corr 2008"]
[Source "ChessBase"]
[SourceDate "2008.06.24"]
[SourceVersion "1"]
[SourceVersionDate "2008.06.24"]
[SourceQuality "1"]

1. d4 Nf6 2. c4 g6 3. Nc3 Bg7 4. e4 d6 5. Nf3 0-0 6. Be2 e5 7. 0-0 Nc6 8. d5 Ne7 9. Ne1 Nd7 10. Be3 f5 11. f3 f4 12. Bf2 g5 13. b4 Nf6 14. c5 Ng6 15. cxd6 cxd6 16. Rc1 Rf7 17. a4 Bf8 18. a5 Bd7 19. Kh1 h5 20. Nb5 Bxb5 21. Bxb5 g4 22. Nc2 Bh6 23. Na3 g3 24. Bg1 a6 25. Ba4 gxh2 26. Bf2 h4 27. Kxh2 Nh5 28. Qd3 Ng3 29. Rfd1 h3 30. gxh3 Qh4 31. Nc4 Bf8 32. Rh1 Rh7 33. Kg1 Qg5 34. Bxg3 fxg3 35. Rc2 Nh4 36. Nb6 Rf7 37. Nxa8 Nxf3+ 0-1

[Event "IECG WC.2004.F.00005"]
[Site "IECG email"]
[Date "2005.05.16"]
[Round "?"]
[White "Topot, Iwan"]
[Black "Costanzo, Flavio"]
[Result "0-1"]
[WhiteElo "1525"]
[BlackElo "1628"]
[PlyCount "94"]
[EventDate "2005.05.16"]
[EventType "tourn (corr)"]
[EventRounds "6"]
[SourceTitle "Corr 2008"]
[Source "ChessBase"]
[SourceDate "2008.06.24"]
[SourceVersion "1"]
[SourceVersionDate "2008.06.24"]
[SourceQuality "1"]

1. e4 c5 2. f4 d5 3. exd5 Nf6 4. Bb5+ Bd7 5. Bxd7+ Qxd7 6. c4 e6 7. Qe2 Bd6 8. d3 0-0 9. dxe6 fxe6 10. Nf3 Nc6 11. 0-0 e5 12. f5 Rae8 13. Nbd2 Nd4 14. Qd1 Nxf5 15. Ne4 Nxe4 16. dxe4 Nd4 17. Be3 Qg4 18. Ng5 Rxf1+ 19. Qxf1 Rf8 20. Qd3 Be7 21. Bxd4 exd4 22. Nf3 Bg5 23. Nxg5 Qxg5 24. Qe2 Qe5 25. Re1 b6 26. a3 a6 27. g3 Rd8 28. Rd1 a5 29. b3 g6 30. Qd3 Re8 31. Re1 Kg7 32. Kg2 Rf8 33. Re2 Qf6 34. Rd2 h5 35. h4 Kh6 36. Rb2 Kh7 37. Rd2 Kh6 38. Rb2 Kg7 39. Qd1 Rf7 40. Qd3 g5 41. hxg5 Qxg5 42. b4 h4 43. Rb1 h3+ 44. Kg1 a4 45. bxc5 bxc5 46. Kh1 Qg4 47. Qc2 Rf3 0-1

[Event "IECG WC.2008.P.00002 email"]
[Site "IECG email"]
[Date "2004.03.05"]
[Round "?"]
[White "Costanzo, Flavio"]
[Black "Dibley, Shane"]
[Result "1-0"]
[WhiteElo "1555"]
[BlackElo "2126"]
[PlyCount "43"]
[EventDate "2004.03.05"]
[EventType "tourn (corr)"]
[EventRounds "6"]
[SourceTitle "Corr 2008"]
[Source "ChessBase"]
[SourceDate "2008.06.24"]
[SourceVersion "1"]
[SourceVersionDate "2008.06.24"]
[SourceQuality "1"]

1. e4 c5 2. Nf3 Nc6 3. d4 cxd4 4. Nxd4 g6 5. c4 Nf6 6. Nc3 d6 7. Be2 Nxd4 8. Qxd4 Bg7 9. Be3 0-0 10. Qd2 Qa5 11. Rc1 Be6 12. f3 Rfc8 13. b3 a6 14. Nd5 Qxd2+ 15. Kxd2 Nxd5 16. cxd5 Bd7 17. Rxc8+ Rxc8 18. Rc1 Rxc1 19. Kxc1 f5 20. exf5 Bxf5 21. a4 Kf7 22. Kd2 1-0

[Event "IECG WC.2008.P.00002 email"]
[Site "IECG email"]
[Date "2004.03.05"]
[Round "?"]
[White "Costanzo, Flavio"]
[Black "Durand, Jean Philippe"]
[Result "1/2-1/2"]
[WhiteElo "1555"]
[BlackElo "1917"]
[PlyCount "34"]
[EventDate "2004.03.05"]
[EventType "tourn (corr)"]
[EventRounds "6"]
[SourceTitle "Corr 2008"]
[Source "ChessBase"]
[SourceDate "2008.06.24"]
[SourceVersion "1"]
[SourceVersionDate "2008.06.24"]
[SourceQuality "1"]

1. e4 e6 2. d4 d5 3. Nc3 Bb4 4. e5 c5 5. a3 Bxc3+ 6. bxc3 Ne7 7. Qg4 0-0 8. Bd3 f5 9. exf6 Rxf6 10. Bg5 e5 11. Qh4 e4 12. Bxf6 gxf6 13. Qxf6 exd3 14. Qg5+ Kf7 15. Qh5+ Kg8 16. cxd3 cxd4 17. Qg5+ Kf7 1/2-1/2

[Event "IECG CD.2003.0.00066 email"]
[Site "IECG email"]
[Date "2003.09.03"]
[Round "?"]
[White "Costanzo, Flavio"]
[Black "Lielmezs, Grits"]
[Result "1-0"]
[WhiteElo "1426"]
[BlackElo "1520"]
[PlyCount "45"]
[EventDate "2003.09.03"]
[EventType "tourn (corr)"]
[EventRounds "5"]
[SourceTitle "Corr 2008"]
[Source "ChessBase"]
[SourceDate "2008.06.24"]
[SourceVersion "1"]
[SourceVersionDate "2008.06.24"]
[SourceQuality "1"]

1. e4 c5 2. Nf3 e6 3. Nc3 Nf6 4. e5 Ng4 5. h3 Nh6 6. d4 Nf5 7. d5 d6 8. Bb5+ Nd7 9. dxe6 fxe6 10. g4 Nd4 11. Nxd4 cxd4 12. Qxd4 d5 13. Nxd5 exd5 14. Qxd5 a6 15. Ba4 Qb6 16. 0-0 Qb4 17. Bg5 Be7 18. Qe6 Qc5 19. b4 Qxb4 20. Rab1 Qc5 21. Rxb7 Bxb7 22. Qxd7+ Kf8 23. Qxb7 1-0

[Event "IECG CE.2003.0.00053 email"]
[Site "IECG email"]
[Date "2003.05.20"]
[Round "?"]
[White "Costanzo, Flavio"]
[Black "Casser, Aaron"]
[Result "1/2-1/2"]
[WhiteElo "1311"]
[BlackElo "1365"]
[PlyCount "52"]
[EventDate "2003.05.20"]
[EventType "tourn (corr)"]
[EventRounds "6"]
[SourceTitle "Corr 2008"]
[Source "ChessBase"]
[SourceDate "2008.06.24"]
[SourceVersion "1"]
[SourceVersionDate "2008.06.24"]
[SourceQuality "1"]

1. e4 e6 2. d4 d5 3. Nd2 dxe4 4. Nxe4 Nd7 5. Nf3 Ngf6 6. Nxf6+ Nxf6 7. Bd3 c5 8. dxc5 Bxc5 9. 0-0 0-0 10. Bg5 b6 11. Qe2 Bb7 12. Rad1 Qc7 13. Bxf6 gxf6 14. Be4 Rad8 15. Bxb7 Qxb7 16. Qc4 Kh8 17. Qh4 Be7 18. Qh5 Rg8 19. Rxd8 Bxd8 20. Rd1 b5 21. c3 Bb6 22. h3 a6 23. Kf1 Rd8 24. Rxd8+ Bxd8 25. Qh6 Be7 26. Qh5 Bd8 1/2-1/2

[Event "IECG CE.2003.0.00047 email"]
[Site "IECG email"]
[Date "2003.02.19"]
[Round "?"]
[White "Shannon, Kevin"]
[Black "Costanzo, Flavio"]
[Result "0-1"]
[WhiteElo "1300"]
[BlackElo "1292"]
[PlyCount "40"]
[EventDate "2003.02.19"]
[EventType "tourn (corr)"]
[EventRounds "6"]
[SourceTitle "Corr 2008"]
[Source "ChessBase"]
[SourceDate "2008.06.24"]
[SourceVersion "1"]
[SourceVersionDate "2008.06.24"]
[SourceQuality "1"]

1. d4 g6 2. e4 Bg7 3. Nf3 d6 4. Bb5+ c6 5. Be2 Nd7 6. 0-0 Ngf6 7. e5 dxe5 8. dxe5 Nd5 9. c3 Nxe5 10. Ng5 Bf5 11. f4 Qb6+ 12. Kh1 h6 13. Qd4 Qxd4 14. cxd4 Nd3 15. g4 Nxc1 16. Rxc1 Bxb1 17. Raxb1 hxg5 18. fxg5 Bxd4 19. Bc4 Ne3 20. h3 Rxh3+ 0-1

[Event "IECG CE.2002.0.00037 email"]
[Site "IECG email"]
[Date "2002.10.02"]
[Round "?"]
[White "Costanzo, Flavio"]
[Black "Sulis, Giovanni"]
[Result "1/2-1/2"]
[WhiteElo "1285"]
[BlackElo "1300"]
[PlyCount "92"]
[EventDate "2002.10.02"]
[EventType "tourn (corr)"]
[EventRounds "6"]
[SourceTitle "Corr 2008"]
[Source "ChessBase"]
[SourceDate "2008.06.24"]
[SourceVersion "1"]
[SourceVersionDate "2008.06.24"]
[SourceQuality "1"]

1. e4 d6 2. d4 Nf6 3. Nc3 Nbd7 4. Nf3 e5 5. Bc4 Be7 6. 0-0 0-0 7. Qe2 c6 8. a4 exd4 9. Nxd4 Re8 10. Ba2 d5 11. exd5 Nb6 12. Be3 Nbxd5 13. Nxd5 Nxd5 14. Bxd5 Qxd5 15. Rad1 c5 16. Nb5 Qc6 17. Qh5 b6 18. Qd5 Qxd5 19. Rxd5 Bb7 20. Rd2 Rad8 21. Rfd1 Be4 22. Rxd8 Rxd8 23. Rxd8+ Bxd8 24. Nxa7 Bxc2 25. a5 bxa5 26. Bxc5 Bf6 27. Nc6 a4 28. Bd4 Bg5 29. Nb4 Bb1 30. f3 Be7 31. Nc6 Bf8 32. Kf2 f6 33. Ke3 Bd6 34. h3 Ba2 35. Kd3 Kf7 36. Nd8+ Ke7 37. Nb7 Bd5 38. Nxd6 Kxd6 39. h4 Bf7 40. Kc3 Bb3 41. h5 Ke6 42. Kd3 g6 43. hxg6 hxg6 44. Ke3 g5 45. f4 g4 46. g3 f5 1/2-1/2